000 00556nam a2200181Ia 4500
005 20260429112234.0
008 260429s9999||||xx |||||||||||||| ||und||
020 _a9788177145915
041 _aHindi
082 _a891.432
_bRAM
100 _aराम, एच. एन
245 0 _aभीष्म पितामह हाजिर हों /
_cएच. एन राम
250 _a1st ed.
260 _aनई दिल्ली :
_bप्रकाशन संस्थान,
_c2016.
300 _a248 p.; Hb
650 _aDrama
942 _cTB
999 _c53064
_d53064